01566nam a22001577a 4500020001800000082001900018100002800037245009400065260005200159300001300211504003600224520107600260650002101336650002201357650002901379 a9781009455961 a320.954bPAR-R aParasher, TejaseAuthor aRadical Democracy in Modern Indian Political ThoughtbIndian PoliticalcBy Tejas Parasher aNew Delhi :bCambridge University Press,c2023. ax, 203p. aInclude Bibliography and index. aBetween the 1910s and the 1970s, an eclectic group of Indian thinkers, constitutional reformers, and political activists articulated a theory of robustly democratic, participatory popular sovereignty. Taking parliamentary government and the modern nation-state to be prone to corruption, these thinkers advocated for ambitious federalist projects of popular government as alternatives to liberal, representative democracy. Radical Democracy in Modern Indian Political Thought is the first study of this counter-tradition of democratic politics in South Asia. Examining well-known historical figures such as Dadabhai Naoroji, M. K. Gandhi, and M. N. Roy alongside long-neglected thinkers from the Indian socialist movement, Tejas Parasher illuminates the diversity of political futures imagined at the end of the British Empire in South Asia. This book reframes the history of twentieth-century anti-colonialism in novel terms – as a contest over the nature of modern political representation – and pushes readers to rethink accepted understandings of democracy today. aDemocracyzIndia aRadicalismzIndia aPolitical ThoughtzIndia